000 01146cab a22002055a 4500
001 L153809
008 110906e20110902xxk 000 0 eng d
035 _a(Sirsi) u153809
041 0 _aeng
100 1 _aEade, Christine
245 0 0 _aMarket
_boccupiers, retail, corporates, industrial, leisure
260 _c2011
490 _aProperty Week
_v77(35) 2 September 2011, 56-59(4)
520 _aRetailers across the UK begin restoration of property damaged in August 2011. Offers advice to retailers on making insurance compensation claims and how to apply for emergency funds such as the High Street Fund set up to help independent retailers in London. Overseas investors continue to invest in UK private sector residential property despite the August 2011 riots. Private sector and social housing groups have raised concern about local authority plans to evict council tenants who have been prosecuted for participating in the riots.
590 _aKA
651 4 _aUnited Kingdom
_y
690 _aPROPERTY-COMMERCIAL PROPERTY-COMMERCIAL PROPERTY MARKET
690 _aPROPERTY-RESIDENTIAL PROPERTY-RESIDENTIAL PROPERTY MARKET
942 _n0
999 _c83382
_d83382